[Event "Olympiad-39"]
[Site "Khanty-Mansiysk"]
[Date "2010.09.29"]
[Round "8.4"]
[White "Ali, Amjad"]
[Black "Guerrero, Alvaro"]
[Result "1-0"]
[WhiteElo "2240"]
[BlackElo "2270"]
[PlyCount "91"]
[EventDate "2010.09.21"]
[EventType "team-swiss"]
[EventRounds "11"]
[EventCountry "RUS"]
[SourceTitle "CBM 139"]
[Source "ChessBase"]
[SourceDate "2010.11.18"]
[SourceVersion "1"]
[SourceVersionDate "2010.11.18"]
[SourceQuality "1"]
[WhiteTeam "Iraq"]
[BlackTeam "Uruguay"]
[WhiteTeamCountry "IRQ"]
[BlackTeamCountry "URU"]

1. d4 Nf6 2. Nf3 d6 3. c4 g6 4. Nc3 Bg7 5. e4 0-0 6. Be2 e5 7. d5 Na6 8. Bg5 h6 9. Bh4 Qe8 10. Nd2 Nh7 11. Rb1 f5 12. f3 Bf6 13. Bf2 Qe7 14. b4 Bd7 15. c5 Nb8 16. Nc4 fxe4 17. Nxe4 Bf5 18. cxd6 cxd6 19. Ncxd6 Nd7 20. Qb3 Kh8 21. 0-0 Ng5 22. Bd3 b6 23. Rbc1 Nxe4 24. Nxe4 Qg7 25. Rc6 Bd8 26. Qc2 Nb8 27. Rc3 Nd7 28. g4 Bxe4 29. Bxe4 Nf6 30. Bg3 Nxe4 31. Qxe4 Bf6 32. Rfc1 Rae8 33. Rc7 Rf7 34. d6 Rd8 35. Qb7 Kg8 36. Qd5 Kf8 37. Bxe5 Bxe5 38. Rxf7+ Qxf7 39. Qxe5 Qg7 40. Qf4+ Kg8 41. Rc7 Qa1+ 42. Kg2 Qxa2+ 43. Kh3 Qe6 44. Qxh6 Qf6 45. Qh7+ Kf8 46. Qe7+ 1-0